Allpanchis Phuturinqa : (Record no. 21823)

000 -CABECERA
fixed length control field 02109nam a22003137a 4500
003 - IDENTIFICADOR DEL NÚMERO DE CONTROL
control field AR-CdUCM
008 - DATOS DE LONGITUD FIJA--INFORMACIÓN GENERAL
fixed length control field 190425b ||||| |||| 00| 0 spa d
040 ## - FUENTE DE LA CATALOGACIÓN
Agencia/entidad que catalogó originalmente la obra MUNICIPALIDAD PROVINCIAL DEL CUSCO
Entidad que transcribió la catalogación BIBLIOTECA MUNICIPAL DEL CUSCO
082 ## - NÚMERO DE LA CLASIFICACIÓN DECIMAL DEWEY
No. de Clasificación Rev.Allp/N°25/1985
110 ## - ENTRADA PRINCIPAL--NOMBRE DE ENTIDAD CORPORATIVA
Nombre de la institución, jurisdicción como entrada principal Instituto de Pastoral Andina
9 (RLIN) 12766
245 ## - MENCIÓN DE TÍTULO
Título Allpanchis Phuturinqa :
Resto del título Revista Anual /
260 ## - PUBLICACIÓN, DISTRIBUCIÓN, ETC.
Lugar de publicación, distribución, etc. Cusco :
Nombre de la editorial, distribuidor, etc. Centro Bartolomé de Las Casas,
Fecha de publicación, distribución, etc. 1985.
300 ## - DESCRIPCIÓN FÍSICA
Nº de Páginas Extensión 300 páginas. :
Dimensiones 20 cm.
440 ## - MENCIÓN DE SERIE/PUNTO DE ACCESO ADICIONAL--TÍTULO
Título Revista del Instituto de Pastoral Andina Cusco
Número de la parte/sección de una obra Año XV, 1985,N°25.Vol. XXI.
9 (RLIN) 46261
505 ## - NOTA DE CONTENIDO CON FORMATO
Nota de contenido formateada Contenido: La comunera como productora trabajo de mujer por trabajo de hombre. Marisol de la Cadena. -- Complementariedad y conflicto una visión andina del hombre y la mujer. Olivia Harris. -- Roles y valores de la mujer andina. Aurora Lapiedra.-- Familia campesina andina y la reproducción biológica un estudio de caso en los andes centrales. Pilar Saravia. -- Migración femenina de comunidades campesinas un estudio de caso Cusco. Sarah Radclife. -- Campesinas de Huaro. Carmen Chira. -- Campesinas de Santa Rosa de Ocopa. Carmen Chira. -- Campesinas de Characato. Violeta Sara Lafosse. -- Nuevas formas de hacer politica las amas de casa populares. Cecilia Blondet. -- Rasgos de una nueva identidad desde la experiencia de la mujer en barrios. Fryne Santisteban. -- En torno a los proyectos de promoción de la mujer campesina. Nora Galer. -- El Qarawi y su función social. Jesús Cavero. -- Sistema de propiedad y tenencia de pastos naturales alto andinos . Juvenal Casaverde. -- Experiencias pastorales andinas y practicas etnográficas. Henrique Urbano.
650 ## - PUNTO DE ACCESO ADICIONAL DE MATERIA--TÉRMINO DE MATERIA
Descriptor Comunidades campesinas
9 (RLIN) 2214
650 ## - PUNTO DE ACCESO ADICIONAL DE MATERIA--TÉRMINO DE MATERIA
Descriptor Economía campesina
9 (RLIN) 2215
650 ## - PUNTO DE ACCESO ADICIONAL DE MATERIA--TÉRMINO DE MATERIA
Descriptor Genero
9 (RLIN) 46262
650 ## - PUNTO DE ACCESO ADICIONAL DE MATERIA--TÉRMINO DE MATERIA
Descriptor Mujeres andinas
9 (RLIN) 46263
700 ## - PUNTO DE ACCESO ADICIONAL--NOMBRE DE PERSONA
Nombre Personal Lapiedra, Aurora
9 (RLIN) 46257
700 ## - PUNTO DE ACCESO ADICIONAL--NOMBRE DE PERSONA
Nombre Personal De la Cadena, Marisol
9 (RLIN) 46243
700 ## - PUNTO DE ACCESO ADICIONAL--NOMBRE DE PERSONA
Nombre Personal Harris, Olivia
9 (RLIN) 46264
700 ## - PUNTO DE ACCESO ADICIONAL--NOMBRE DE PERSONA
Nombre Personal Saravia, Pilar
9 (RLIN) 46265
700 ## - PUNTO DE ACCESO ADICIONAL--NOMBRE DE PERSONA
Nombre Personal Radclife, Sarah
9 (RLIN) 46266
700 ## - PUNTO DE ACCESO ADICIONAL--NOMBRE DE PERSONA
Nombre Personal Chira, Carmen
9 (RLIN) 46267
942 ## - ELEMENTOS DE PUNTO DE ACCESO ADICIONAL (KOHA)
Fuente de clasificación
Tipo de item Revistas cusqueñas
945 ## - PROCESAMIENTO DE INFORMACIÓN LOCAL (OCLC)
Catalogador rac
Holdings
Estado de retiro (separado) Fuente de clasificación o esquema de estanterías Estado dañado Ubicación Sala donde se ubica Nombre de la colección Fecha de adquisición o compra Costo, precio normal en soles Signatura topográfica Código de Barras Última vez visto (Koha) Tipo de ítem (Koha)
No     Sala Hemeroteca Sala Hemeroteca Book Cart 2021-08-18 10.00 Rev.Allp/N°25/1985 REVC000295 2021-08-18 Revistas cusqueñas

Powered by Koha